00755nam a22001937a 4500003000900000005001700009008004100026040001300067041000800080082001300088110004100101245006700142260005000209300002300259440004900282504004000331650003300371650015700404BDDh-ASL20231120152114.0231120b2003 nyu||||| |||| 00| 0 eng d cBDDh-ASL aeng a954bROY1 aCambridge University Press, London. 10aTransactions of the Royal Historical Society: bVolume- XIII./ aLondon: bCambridge University Press, c2003. a428 p.: c22 c.m.  aRoyal Historical Society: Sixth Series n 13 aInclude Bibliographical References. 0aHistory (ইতিহাস) 0aHistory and Heritage (ইতিহাস ও ঐতিহ্য) , ইতিহাস, History, Etihas, Itihas O Oitijjo, Etihash O Aitijjaya , Aitijjha